000 01898nam a2200313Ia 4500
999 _c52752
_d52752
001 19778
003 GE_BSU
005 20200422001149.0
008 181216s1948||||ge |||||||||||||| ||geo||
040 _cGE_BSU
041 _ageo
080 _a81'374.26(038) : 27-247 ი-50
100 _aიმნაიშვილი, ი.
_95492
245 _aქართული ოთხთავის სიმფონია - ლექსიკონი = Симфония-словарь к грузинскому четвероглаву /
_cი. იმნაიშვილი ; ა. შანიძის რედაქციით ; წინასიტყვ. ავტ. : ა. შანიძე.
250 _aსაქართველოს სსრ მეცნიერებათა აკადემიის გამომცემლობა
264 _aთბილისი :
_bსაქრთველოს მეცნიერებათა აკადემიის გამ-ბა,
_c1948-1949.
300 _a840 გვ. ;
_c25 სმ.
490 _a(ძველი ქართული ენის ძეგლები)
_v6
500 _aწანართი რედაქტორისაგან ქართულ-რუსულ ენებზე გვ. 05-08
504 _aდანართი : საკუთარი სახელები გვ. 798-836. - ბიბლიოგრაფია : ლიტერატურა წინასიტყვაობაში
541 _h14ლ.
653 _aრელიგია
653 _aქართული ენა
653 _aქართული ოთხთავი
653 _aსახარება
653 _aძველი აღთქმა
700 _aშანიძე, ა.
_eრედაქტორი
_97951
942 _cBK
_2udc